| 000 | 00406nam a2200145Ia 4500 | ||
|---|---|---|---|
| 008 | 230711s9999||||xx |||||||||||||| ||und|| | ||
| 041 | _aENG | ||
| 082 |
_a658 _bMO-P |
||
| 100 | _aModer,Joseph J | ||
| 245 | 0 | _aProject mangement CPM/PERT and precedence diagramming | |
| 250 | _a3rd Ed. | ||
| 260 |
_c1986 _aNew Delhi _bCBS Publishers & Distributors Pvt.Ltd |
||
| 650 | _aMechanical Engineering | ||
| 942 | _cBK | ||
| 999 |
_c1391 _d1391 |
||